000
00250nam a22001097a 4500
008
170124b xxu||||| |||| 00| 0 eng d
020
_a
9780683181074
041
_a
eng
080
_a
618.2
245
_a
EMERGENCY MEDICINE
_c
PLANTZ, S.H
942
_2
udc
_c
BK
999
_c
3466
_d
3466